[Event "Scarborough CC-ch"]
[Site "Toronto"]
[Date "2018.04.12"]
[Round "2.6"]
[White "De Costa, Alex"]
[Black "Feng, Richard"]
[Result "0-1"]
[WhiteElo "1835"]
[BlackElo "2075"]
[PlyCount "46"]
[EventDate "2018.04.05"]
[EventType "swiss"]
[EventRounds "8"]
[EventCountry "CAN"]
[SourceTitle "EXT 2022"]
[Source "ChessBase"]
[SourceDate "2021.10.06"]
[SourceVersion "1"]
[SourceVersionDate "2021.10.06"]
[SourceQuality "1"]

1. e4 c5 2. Nf3 d6 3. Bb5+ Bd7 4. Bxd7+ Qxd7 5. 0-0 Nf6 6. Re1 Nc6 7. d4 e5 8. c3 Be7 9. d5 Na5 10. Nfd2 b5 11. b4 Nb7 12. a4 cxb4 13. cxb4 0-0 14. Nc3 a5 15. Ba3 axb4 16. Bxb4 bxa4 17. Nxa4 Qb5 18. Qb3 Ra6 19. Nc3 Rxa1 20. Rxa1 Qd3 21. Qb2 Rb8 22. Ra7 Qd4 23. Nb5 Qxb2 0-1

[Event "Scarborough CC Jack Frost"]
[Site "Toronto"]
[Date "2018.01.18"]
[Round "2.2"]
[White "De Costa, Alex"]
[Black "Southam, David"]
[Result "0-1"]
[WhiteElo "1858"]
[BlackElo "2158"]
[PlyCount "86"]
[EventDate "2018.01.11"]
[EventType "swiss"]
[EventRounds "6"]
[EventCountry "CAN"]
[SourceTitle "EXT 2022"]
[Source "ChessBase"]
[SourceDate "2021.10.06"]
[SourceVersion "1"]
[SourceVersionDate "2021.10.06"]
[SourceQuality "1"]

1. e4 e6 2. d3 d5 3. Nd2 c5 4. g3 Bd6 5. Bg2 Ne7 6. Ngf3 Nbc6 7. 0-0 0-0 8. Nh4 Qc7 9. f4 f6 10. f5 dxe4 11. dxe4 Ne5 12. Ndf3 Bd7 13. Nxe5 Bxe5 14. c3 Rad8 15. Qc2 Bb5 16. Re1 Bd3 17. Qf2 exf5 18. Nxf5 b6 19. Be3 Bc4 20. Bf4 Ng6 21. Bxe5 Nxe5 22. Red1 Rxd1+ 23. Rxd1 Bxa2 24. Qc2 Bf7 25. Rd6 Rd8 26. Rxd8+ Qxd8 27. Ne3 Qd3 28. Qc1 Be6 29. Nd5 Bxd5 30. exd5 Ng4 31. Qe1 Qe3+ 32. Qxe3 Nxe3 33. Be4 g6 34. h3 Kf7 35. Kf2 Nd1+ 36. Ke2 Nxb2 37. Kd2 Nc4+ 38. Kc2 Nd6 39. Bf3 f5 40. Kb3 Kf6 41. h4 b5 42. Kc2 Ke5 43. Kd3 a5 0-1

[Event "Scarborough CC Falling Leaves"]
[Site "Toronto"]
[Date "2017.12.07"]
[Round "6.7"]
[White "Feng, Richard"]
[Black "De Costa, Alex"]
[Result "1-0"]
[WhiteElo "1899"]
[BlackElo "1874"]
[PlyCount "47"]
[EventDate "2017.11.02"]
[EventType "swiss"]
[EventRounds "7"]
[EventCountry "CAN"]
[SourceTitle "EXT 2022"]
[Source "ChessBase"]
[SourceDate "2021.10.06"]
[SourceVersion "1"]
[SourceVersionDate "2021.10.06"]
[SourceQuality "1"]

1. e4 c5 2. Nf3 e6 3. d4 cxd4 4. Nxd4 a6 5. c4 Nf6 6. Nc3 Qc7 7. Be2 Bb4 8. Qd3 Nc6 9. f4 d6 10. 0-0 Nxd4 11. Bd1 Nc6 12. Qg3 0-0 13. e5 dxe5 14. fxe5 Qxe5 15. Bf4 Qc5+ 16. Be3 Qe7 17. Bg5 Bc5+ 18. Kh1 Bd4 19. Bc2 b6 20. Qh4 h6 21. Ne4 Bb7 22. Rxf6 Bxf6 23. Nxf6+ gxf6 24. Qxh6 1-0

[Event "Scarborough CC Falling Leaves"]
[Site "Toronto"]
[Date "2017.11.09"]
[Round "2.3"]
[White "De Costa, Alex"]
[Black "Plotkin, Mark"]
[Result "0-1"]
[WhiteElo "1874"]
[BlackElo "2293"]
[PlyCount "62"]
[EventDate "2017.11.02"]
[EventType "swiss"]
[EventRounds "7"]
[EventCountry "CAN"]
[SourceTitle "EXT 2022"]
[Source "ChessBase"]
[SourceDate "2021.10.06"]
[SourceVersion "1"]
[SourceVersionDate "2021.10.06"]
[SourceQuality "1"]

1. e4 e5 2. Nf3 Nc6 3. Bb5 Nf6 4. d3 Ne7 5. 0-0 Ng6 6. d4 c6 7. Bc4 Nxe4 8. Re1 d5 9. Nxe5 Nxe5 10. dxe5 Bc5 11. Rxe4 dxe4 12. Qxd8+ Kxd8 13. Bg5+ Be7 14. Bf4 b5 15. Bb3 f5 16. exf6 Bxf6 17. Nc3 Bf5 18. Rd1+ Ke7 19. Re1 Bxc3 20. bxc3 Kf6 21. c4 b4 22. c5 Rhe8 23. Bd6 Be6 24. h3 Bxb3 25. cxb3 a5 26. Kh2 a4 27. Re3 axb3 28. axb3 g5 29. Kg3 Re6 30. Kg4 h5+ 31. Kxh5 Kf5 0-1

[Event "Scarborough CC Howard Ridout"]
[Site "Toronto"]
[Date "2017.10.26"]
[Round "7.7"]
[White "De Costa, Alex"]
[Black "Ning, Eric"]
[Result "0-1"]
[WhiteElo "2024"]
[BlackElo "1890"]
[PlyCount "104"]
[EventDate "2017.09.14"]
[EventType "swiss"]
[EventRounds "7"]
[EventCountry "CAN"]
[SourceTitle "EXT 2022"]
[Source "ChessBase"]
[SourceDate "2021.10.06"]
[SourceVersion "1"]
[SourceVersionDate "2021.10.06"]
[SourceQuality "1"]

1. e4 c5 2. Nf3 Nc6 3. Bb5 g6 4. Bxc6 bxc6 5. d4 Bg7 6. Be3 Nf6 7. Nc3 Rb8 8. e5 Ng4 9. Bf4 0-0 10. dxc5 Qa5 11. 0-0 Qxc5 12. e6 d6 13. Ng5 f5 14. Qd2 h6 15. Nf3 g5 16. Be3 Nxe3 17. Qxe3 Qxe3 18. fxe3 Bxe6 19. Nd4 Bd7 20. Rab1 e5 21. Nde2 Rb7 22. a3 a5 23. e4 f4 24. Rbd1 Rf6 25. b3 Bf8 26. Rf3 g4 27. Rfd3 Bc8 28. Na4 Rbf7 29. Nb6 Ba6 30. Nc4 h5 31. R3d2 a4 32. Nc3 axb3 33. cxb3 Bxc4 34. bxc4 f3 35. g3 Ra7 36. a4 Rff7 37. Kf1 Rfb7 38. Rd3 Rb4 39. h3 Rxc4 40. h4 Rb4 41. R3d2 Kf7 42. Rd3 Ke6 43. R3d2 Rd7 44. Rd3 Rd8 45. R3d2 Bh6 46. Rd3 Rb2 47. Kg1 Rg2+ 48. Kf1 Rxg3 49. a5 Bf8 50. a6 Ra8 51. Ra1 Rh3 52. Kf2 Rh2+ 0-1

[Event "CAN-ch U14"]
[Site "Windsor"]
[Date "2016.07.06"]
[Round "2.24"]
[White "De Costa, Alex"]
[Black "Liang, Hairan"]
[Result "0-1"]
[WhiteElo "1784"]
[BlackElo "2182"]
[PlyCount "88"]
[EventDate "2016.07.05"]
[EventType "swiss"]
[EventRounds "7"]
[EventCountry "CAN"]
[SourceTitle "EXT 2022"]
[Source "ChessBase"]
[SourceDate "2021.10.06"]
[SourceVersion "1"]
[SourceVersionDate "2021.10.06"]
[SourceQuality "1"]

1. e4 c5 2. Nc3 Nc6 3. g3 g6 4. Bg2 Bg7 5. d3 e5 6. f4 d6 7. Nh3 Nge7 8. 0-0 0-0 9. f5 gxf5 10. Qh5 f6 11. exf5 Qe8 12. Qg4 Nd4 13. Rf2 Bxf5 14. Qd1 Qd7 15. Qf1 d5 16. Kh1 Be6 17. Be3 Nef5 18. Bc1 Rf7 19. Ng1 Raf8 20. Nf3 Nxf3 21. Bxf3 Nd4 22. Bg2 b5 23. Nd1 Kh8 24. c3 Nf5 25. Ne3 Nxe3 26. Bxe3 d4 27. cxd4 cxd4 28. Bd2 Bd5 29. b3 f5 30. Rc1 e4 31. Bb4 Re8 32. dxe4 fxe4 33. Rxf7 Qxf7 34. Qxf7 Bxf7 35. Rc7 Bh5 36. Rxa7 d3 37. Rd7 Bg6 38. Bf1 Bf5 39. Rd5 Bg4 40. Kg1 Bh6 41. Bg2 Be3+ 42. Kf1 Rc8 43. Ba3 d2 44. Bxe4 Rc1+ 0-1

[Event "CAN-ch U14"]
[Site "Windsor"]
[Date "2015.07.09"]
[Round "7.34"]
[White "Anandji, Aaron"]
[Black "De Costa, Alex"]
[Result "0-1"]
[WhiteElo "1046"]
[BlackElo "1823"]
[PlyCount "146"]
[EventDate "2015.07.06"]
[EventType "swiss"]
[EventRounds "7"]
[EventCountry "CAN"]
[SourceTitle "EXT 2022"]
[Source "ChessBase"]
[SourceDate "2021.10.06"]
[SourceVersion "1"]
[SourceVersionDate "2021.10.06"]
[SourceQuality "1"]

1. e4 c5 2. Nc3 e6 3. f4 d5 4. Bb5+ Nc6 5. Bxc6+ bxc6 6. Nf3 Nf6 7. d3 Be7 8. 0-0 0-0 9. e5 Nd7 10. Qe1 Nb6 11. Qg3 c4 12. Kh1 cxd3 13. cxd3 Ba6 14. Ng5 h6 15. Nh3 d4 16. Ne2 c5 17. f5 Bh4 18. Qf3 exf5 19. Qxf5 c4 20. Nef4 cxd3 21. Rd1 Qc7 22. Bd2 Rae8 23. Nxd3 Bxd3 24. Qxd3 Qxe5 25. Bf4 Qf6 26. Qxd4 Qxd4 27. Rxd4 Re2 28. Rd2 Rfe8 29. Rxe2 Rxe2 30. g3 Bf6 31. Bc1 Nc4 32. Nf4 Re1+ 33. Kg2 Nxb2 34. Bxb2 Rxa1 35. Bxa1 Bxa1 36. Nd5 Kf8 37. g4 Ke8 38. Kf3 Kd7 39. Ke4 Kd6 40. h4 Kc5 41. Ne3 Bf6 42. h5 Bb2 43. Kd3 Kb4 44. Nc2+ Ka4 45. Kc4 Be5 46. Kc5 Bg3 47. Kd4 Kb5 48. Na3+ Kc6 49. Ke4 Kc5 50. Ke3 Kb4 51. Nb1 g6 52. g5 hxg5 53. h6 f5 54. Nd2 Be5 55. Nf3 Bf6 56. h7 g4 57. Nd4 f4+ 58. Kd3 g3 59. Nf3 Ka3 60. Ke4 Kxa2 61. Kxf4 Kb2 62. Kxg3 a5 63. Nd2 a4 64. Nc4+ Kc3 65. Nb6 Kb3 66. Nd7 Bg7 67. Nc5+ Kb4 68. Na6+ Kc3 69. Nc5 a3 70. Ne4+ Kd4 71. Nd6 Kd3 72. Nb7 a2 73. Nc5+ Kc4 0-1

[Event "CAN-ch U14"]
[Site "Windsor"]
[Date "2015.07.07"]
[Round "3.28"]
[White "Krishnamohan, Vithushan"]
[Black "De Costa, Alex"]
[Result "0-1"]
[WhiteElo "1278"]
[BlackElo "1823"]
[PlyCount "38"]
[EventDate "2015.07.06"]
[EventType "swiss"]
[EventRounds "7"]
[EventCountry "CAN"]
[SourceTitle "EXT 2022"]
[Source "ChessBase"]
[SourceDate "2021.10.06"]
[SourceVersion "1"]
[SourceVersionDate "2021.10.06"]
[SourceQuality "1"]

1. e4 c5 2. Nf3 e6 3. d4 cxd4 4. Nxd4 a6 5. Bd3 Nc6 6. Ne2 b5 7. a4 b4 8. c3 Nf6 9. 0-0 Bc5 10. Kh1 Ng4 11. Nd4 Qh4 12. Bf4 Nxf2+ 13. Rxf2 Qxf2 14. Nxc6 Qxf4 15. cxb4 Bd6 16. g3 Qf2 17. Na5 h5 18. Nc4 Bc7 19. e5 Bb7+ 0-1